| 000 | 01995nam a2200349 a 4500 | ||
|---|---|---|---|
| 003 | Mxchpua | ||
| 005 | 20250122123506.0 | ||
| 007 | ta | ||
| 008 | 250120s2023 mx abdefs|||| 001 0 s d | ||
| 040 | _amxchpua | ||
| 090 |
_aT.C.938 _bF56 EIUPA _c2023 |
||
| 245 | 1 | 0 |
_aTostadora “La Fortuna” S. A., en la Fortuna, San Carlos, Alajuela, Costa Rica / _ccoordinadores Emmanuel Flores Girón y Alejandra Velázquez Castillo ; colaboradores Azucena Cortés García...[y otros] |
| 260 |
_aChapingo, México : _bEl autor, _c2023 |
||
| 300 |
_a1 recurso en línea (201 páginas) : _bilustraciones, mapas, gráficas, diagramas, tablas, fotos, planos |
||
| 336 |
_2rdacontent _aTexto _btxt |
||
| 337 |
_2rdamedia _acomputadora _bc |
||
| 338 |
_2rdacarrier _arecurso en línea _bcr |
||
| 500 | _aGrado 7° ; Grupo 1 -- Los planos están incluidos en el reporte | ||
| 502 |
_aViaje de Estudios _b(EIUPA) -- _cUACh. Departamento de Ingeniería Agroindustrial, _d2023 |
||
| 504 | _aBibliografía: páginas 143-149 | ||
| 505 | 0 | _a5 planos -- 1. Croquis de la Tostadora “La Fortuna” S. A. (Esc. 1:100) -- 2. Plano de Distribución de áreas dentro de la empresa (Esc. :100) -- 3. Plano de Distribución de equipos dentro de la empresa (Esc. 1:100) -- 4. Diagrama de recorrido del proceso (Esc. 1:100) -- 5. Plano de Nueva distribución de equipos | |
| 650 | 1 | 0 |
_aRodajas de fruta crujientes _9189842 _xIndustria y comercio _zCosta Rica _zAlajuela |
| 650 | 1 | 3 |
_aRebanadas crujientes de plátano _9189840 |
| 650 | 1 | 3 |
_aMandioca _9151901 _xBocados (comida) |
| 650 | 1 | 3 |
_aFruit chips _9189843 _xIndustry and trade _zCosta Rica _zAlajuela |
| 650 | 1 | 3 |
_aBanana chips _9189841 |
| 650 | 1 | 3 |
_aCassava _9151900 _xSnack foods |
| 700 | 1 |
_aFlores Girón, Emmanuel _9161718 _ecoordinador |
|
| 700 | 1 |
_aVelázquez Castillo, Alejandra _9118517 _ecoordinadora |
|
| 700 | 1 |
_aCortés García, Azucena _9189107 _ecolaboradora |
|
| 856 | 4 | 0 |
_uhttp://10.13.5.2/ve/TC938_EIUPA/TC938_EIUPA_2023-REPORTE.pdf _yDESCARGAR REPORTE |
| 999 |
_c220343 _d220343 |
||